[Event "Bodensee op"]
[Site "Bregenz"]
[Date "2022.05.23"]
[Round "3"]
[White "Hofer, Maximilian"]
[Black "Vaishali, Ramesh Babu"]
[Result "1-0"]
[WhiteElo "2095"]
[BlackElo "2409"]
[PlyCount "65"]
[EventDate "2022.05.21"]
[EventType "swiss"]
[EventRounds "9"]
[EventCountry "AUT"]
[SourceTitle "CBM 208 Extra"]
[Source "ChessBase"]
[SourceDate "2022.07.31"]
[SourceVersion "1"]
[SourceVersionDate "2022.07.31"]
[SourceQuality "1"]

1. Nf3 Nf6 2. g3 d5 3. Bg2 c5 4. d3 Nc6 5. 0-0 e5 6. e4 d4 7. c4 Be7 8. h3 h5 9. a3 Bd7 10. Bd2 a5 11. a4 Nh7 12. Na3 g5 13. Ne1 Nf8 14. Nb5 Ng6 15. Kh2 Be6 16. Qe2 g4 17. f4 gxh3 18. Bxh3 Bxh3 19. Kxh3 h4 20. g4 exf4 21. Bxf4 Nxf4+ 22. Rxf4 Qd7 23. Rf5 0-0-0 24. Qh2 Rhg8 25. Nf3 b6 26. Ne5 Nxe5 27. Qxe5 Rg6 28. Qf4 Rdg8 29. Rg1 Kb7 30. Rd5 Qc8 31. Qxf7 R8g7 32. Nd6+ Kc7 33. Ne8+ 1-0

[Event "EU-ch Online U2300 Qual"]
[Site "Chess.com INT"]
[Date "2020.05.25"]
[Round "6"]
[White "Hofer, Maximilian"]
[Black "Golubenko, Valentina"]
[Result "0-1"]
[WhiteElo "2108"]
[BlackElo "2209"]
[PlyCount "58"]
[EventDate "2020.05.25"]
[EventType "swiss"]
[EventRounds "8"]
[EventCountry "NET"]
[SourceTitle "EXT 2021"]
[Source "ChessBase"]
[SourceDate "2020.10.23"]
[SourceVersion "1"]
[SourceVersionDate "2020.10.23"]
[SourceQuality "1"]

1. e4 g6 2. d4 Bg7 3. Nf3 c5 4. c4 cxd4 5. Nxd4 Nc6 6. Be3 Qb6 7. Ne6 Qxb2 8. Nxg7+ Qxg7 9. Nd2 Nb4 10. Rb1 Qc3 11. Rc1 Nd3+ 12. Bxd3 Qxd3 13. Qf3 d6 14. Rb1 Nf6 15. Rb3 Qc2 16. 0-0 0-0 17. Bh6 Rd8 18. h3 Qxa2 19. Qc3 Qa6 20. g4 Be6 21. Nf3 Qxc4 22. Qa1 Qxb3 23. Nd4 Qxh3 24. g5 Qg4+ 25. Kh1 Qxe4+ 26. f3 Qh4+ 27. Kg2 Bh3+ 28. Kg1 Qg3+ 29. Kh1 Qg2# 0-1

[Event "EU-ch Online U2300 Qual"]
[Site "Chess.com INT"]
[Date "2020.05.25"]
[Round "5"]
[White "Tadic, Stefan"]
[Black "Hofer, Maximilian"]
[Result "1-0"]
[WhiteElo "2257"]
[BlackElo "2108"]
[PlyCount "49"]
[EventDate "2020.05.25"]
[EventType "swiss"]
[EventRounds "8"]
[EventCountry "NET"]
[SourceTitle "EXT 2021"]
[Source "ChessBase"]
[SourceDate "2020.10.23"]
[SourceVersion "1"]
[SourceVersionDate "2020.10.23"]
[SourceQuality "1"]

1. e4 e5 2. Nf3 Nc6 3. Nc3 Nf6 4. Bb5 Nd4 5. Nxd4 exd4 6. e5 dxc3 7. exf6 Qxf6 8. dxc3 c6 9. Ba4 d5 10. Qxd5 Be7 11. 0-0 0-0 12. Qh5 Bd6 13. Be3 g6 14. Qh6 Re8 15. Bd4 Be5 16. Rae1 Bf5 17. Rxe5 Rxe5 18. f4 Qe7 19. Bxe5 f6 20. Bb3+ Kh8 21. Qh4 Kg7 22. Bd4 c5 23. Re1 Qf8 24. Qxf6+ Qxf6 25. Re7+ 1-0

[Event "AUT-ch Zwisch Internet"]
[Site "Playchess.com INT"]
[Date "2020.05.02"]
[Round "7"]
[White "Gschiel, Alexander"]
[Black "Hofer, Maximilian"]
[Result "1-0"]
[WhiteElo "1908"]
[BlackElo "2108"]
[PlyCount "77"]
[EventDate "2020.05.02"]
[EventType "swiss (blitz)"]
[EventRounds "13"]
[EventCountry "AUT"]
[SourceTitle "CBM 195 Extra"]
[Source "ChessBase"]
[SourceDate "2020.05.31"]
[SourceVersion "1"]
[SourceVersionDate "2020.05.31"]
[SourceQuality "1"]

1. e4 e5 2. Nf3 Nc6 3. Nc3 Nf6 4. Bb5 Nd4 5. Nxd4 exd4 6. Nd5 c6 7. Nxf6+ Qxf6 8. Bc4 Bc5 9. d3 0-0 10. 0-0 a5 11. a3 b5 12. Ba2 b4 13. a4 Bb6 14. f4 d6 15. Qf3 Be6 16. Bxe6 fxe6 17. b3 Rae8 18. g4 Qh4 19. Bd2 Bc7 20. Be1 Qh6 21. g5 Qg6 22. h4 h5 23. Bg3 d5 24. f5 Qf7 25. Bxc7 Qxc7 26. Qxh5 dxe4 27. dxe4 exf5 28. exf5 Qg3+ 29. Kh1 Qh3+ 30. Kg1 Re3 31. g6 Rg3+ 32. Kf2 Qg2+ 33. Ke1 Qe4+ 34. Kd2 Qe3+ 35. Kd1 Qh6 36. Qxh6 gxh6 37. Kd2 Rh3 38. Rf4 h5 39. f6 1-0

[Event "AUT-ch Zwisch Internet"]
[Site "Playchess.com INT"]
[Date "2020.05.02"]
[Round "3"]
[White "Hofer, Maximilian"]
[Black "Kienboeck, Benjamin"]
[Result "0-1"]
[WhiteElo "2108"]
[BlackElo "1922"]
[PlyCount "80"]
[EventDate "2020.05.02"]
[EventType "swiss (blitz)"]
[EventRounds "13"]
[EventCountry "AUT"]
[SourceTitle "CBM 195 Extra"]
[Source "ChessBase"]
[SourceDate "2020.05.31"]
[SourceVersion "1"]
[SourceVersionDate "2020.05.31"]
[SourceQuality "1"]

1. e4 c5 2. Nf3 d6 3. d4 cxd4 4. Nxd4 Nf6 5. Nc3 a6 6. Be2 e6 7. 0-0 Be7 8. Be3 0-0 9. Qd2 Nc6 10. f4 Qc7 11. f5 Nxd4 12. Bxd4 exf5 13. exf5 b5 14. a3 Bb7 15. Bf3 d5 16. Kh1 Bd6 17. Qg5 Be5 18. Ne2 Rfe8 19. c3 h6 20. Qh4 Ne4 21. Rad1 Rad8 22. Bh5 Ng5 23. Rde1 a5 24. f6 g6 25. Bf3 Kh7 26. Bxe5 Qxe5 27. Nd4 Qd6 28. Qf2 Qxf6 29. Rxe8 Rxe8 30. Qd2 Qe5 31. Be2 f5 32. Bxb5 Re7 33. Bd3 Ne4 34. Bxe4 dxe4 35. Qe3 Bc8 36. Rd1 g5 37. g3 f4 38. gxf4 gxf4 39. Qg1 e3 40. Re1 Bb7+ 0-1

[Event "AUT-ch Zwisch Internet"]
[Site "Playchess.com INT"]
[Date "2020.05.02"]
[Round "13"]
[White "Pernerstorfer, Max"]
[Black "Hofer, Maximilian"]
[Result "1-0"]
[WhiteElo "2066"]
[BlackElo "2108"]
[PlyCount "115"]
[EventDate "2020.05.02"]
[EventType "swiss (blitz)"]
[EventRounds "13"]
[EventCountry "AUT"]
[SourceTitle "CBM 195 Extra"]
[Source "ChessBase"]
[SourceDate "2020.05.31"]
[SourceVersion "1"]
[SourceVersionDate "2020.05.31"]
[SourceQuality "1"]

1. e4 e5 2. Nf3 Nc6 3. Bc4 Nf6 4. d3 Be7 5. 0-0 0-0 6. c3 d5 7. exd5 Nxd5 8. Re1 Nb6 9. Bb5 f6 10. Nbd2 Be6 11. Ne4 a6 12. Bxc6 bxc6 13. d4 Bd6 14. dxe5 fxe5 15. Nfg5 Bd5 16. Qh5 h6 17. Qg6 hxg5 18. Nxg5 Rf6 19. Qh7+ Kf8 20. Qh8+ Bg8 21. Nh7+ Kf7 22. Nxf6 Qxf6 23. Qh5+ Ke7 24. Bg5 Bf7 25. Bxf6+ gxf6 26. Qf3 Bd5 27. Qh5 Rg8 28. g3 Nc4 29. Re2 Kd8 30. b3 Nb6 31. c4 Be6 32. Rd2 Kc8 33. Qh7 Nd7 34. b4 Bxc4 35. Rc1 Bd5 36. Rxd5 cxd5 37. Qxg8+ Kb7 38. Qxd5+ Kb8 39. a3 Nb6 40. Qd3 Ka7 41. Rc6 Kb7 42. Rxd6 cxd6 43. Qxd6 Ka7 44. Qxf6 Kb7 45. Qxe5 Kc6 46. Qc5+ Kb7 47. h4 Nd7 48. Qd5+ Kc7 49. h5 Nb6 50. Qc5+ Kb7 51. h6 Nd7 52. Qd6 a5 53. Qxd7+ Ka6 54. Qc6+ Ka7 55. b5 a4 56. h7 Kb8 57. h8Q+ Ka7 58. Qha8# 1-0

[Event "AUT-ch Vor4 Internet"]
[Site "Playchess.com INT"]
[Date "2020.04.25"]
[Round "1"]
[White "Hofer, Maximilian"]
[Black "Stolzlechner, Andreas"]
[Result "0-1"]
[WhiteElo "2108"]
[BlackElo "1835"]
[PlyCount "90"]
[EventDate "2020.04.25"]
[EventType "swiss (blitz)"]
[EventRounds "9"]
[EventCountry "AUT"]
[SourceTitle "EXT 2021"]
[Source "ChessBase"]
[SourceDate "2020.10.23"]
[SourceVersion "1"]
[SourceVersionDate "2020.10.23"]
[SourceQuality "1"]

1. e4 e5 2. Nf3 Nc6 3. Bc4 Nf6 4. d4 exd4 5. 0-0 d6 6. Re1 Bg4 7. h3 Bxf3 8. Qxf3 Be7 9. Nd2 0-0 10. a4 Ne5 11. Qb3 Rb8 12. Be2 d5 13. f4 Nc6 14. e5 Ne4 15. Bd3 Na5 16. Qb5 c6 17. Nxe4 cxb5 18. Ng3 b4 19. b3 Nc6 20. Bd2 f6 21. exf6 Bxf6 22. Re6 Re8 23. f5 Rxe6 24. fxe6 Ne7 25. Re1 a5 26. Nh5 Qf8 27. Bf4 Rc8 28. Bd6 Rc6 29. Bh2 g6 30. Ng3 Kg7 31. Re2 Qc8 32. Kh1 Rxe6 33. Rf2 Re1+ 34. Nf1 Qe6 35. Bg3 Nf5 36. Bf4 Ne3 37. Bxe3 dxe3 38. Rf3 e2 39. Rf2 exf1Q+ 40. Bxf1 Qe3 41. Rf3 Qxf3 42. gxf3 Rxf1+ 43. Kg2 Rc1 44. Kg3 Rxc2 45. Kf4 Rc3 0-1

[Event "AUT-ch Vor2 Internet"]
[Site "Playchess.com INT"]
[Date "2020.04.13"]
[Round "7"]
[White "Hofer, Maximilian"]
[Black "Koglbauer, Uwe"]
[Result "1-0"]
[WhiteElo "2108"]
[BlackElo "1666"]
[PlyCount "65"]
[EventDate "2020.04.13"]
[EventType "swiss (blitz)"]
[EventRounds "9"]
[EventCountry "AUT"]
[SourceTitle "CBM 195 Extra"]
[Source "ChessBase"]
[SourceDate "2020.05.31"]
[SourceVersion "1"]
[SourceVersionDate "2020.05.31"]
[SourceQuality "1"]

1. e4 c5 2. Nf3 d6 3. d4 cxd4 4. Nxd4 Nf6 5. Nc3 g6 6. Be3 Bg7 7. f3 a6 8. Qd2 h5 9. Bc4 Nc6 10. Bb3 Bd7 11. 0-0 Rc8 12. Rad1 b5 13. Nce2 0-0 14. c3 Ne5 15. Bh6 e6 16. Bxg7 Kxg7 17. Bc2 d5 18. Qg5 Nc4 19. b3 Nd6 20. e5 Nde8 21. exf6+ Nxf6 22. Ng3 Qa5 23. b4 Qxa2 24. Bb3 Qb2 25. Rc1 Nh7 26. Qe3 f5 27. Rf2 f4 28. Qe5+ Kg8 29. Rxb2 Nf6 30. Qe1 Kh7 31. Re2 Rce8 32. Re5 Bc8 33. Bc2 1-0

[Event "AUT-ch Vor2 Internet"]
[Site "Playchess.com INT"]
[Date "2020.04.13"]
[Round "2"]
[White "Hofer, Maximilian"]
[Black "Peyrer, Konstantin"]
[Result "0-1"]
[WhiteElo "2108"]
[BlackElo "2265"]
[PlyCount "85"]
[EventDate "2020.04.13"]
[EventType "swiss (blitz)"]
[EventRounds "9"]
[EventCountry "AUT"]
[SourceTitle "CBM 195 Extra"]
[Source "ChessBase"]
[SourceDate "2020.05.31"]
[SourceVersion "1"]
[SourceVersionDate "2020.05.31"]
[SourceQuality "1"]

1. e4 e5 2. Nf3 Nc6 3. Bc4 Nf6 4. d4 exd4 5. 0-0 Nxe4 6. Re1 d5 7. Bxd5 Qxd5 8. Nc3 Qa5 9. Nxe4 Be7 10. Bg5 Be6 11. Bxe7 Nxe7 12. Neg5 0-0-0 13. Nxe6 fxe6 14. Rxe6 Nc6 15. Qd3 g5 16. Rae1 g4 17. Nd2 Rhf8 18. a3 Qg5 19. b4 Qf4 20. R1e2 Rd5 21. R6e4 Qf5 22. g3 Ne5 23. Rxe5 Rxe5 24. Qxf5+ Rfxf5 25. Rxe5 Rxe5 26. Nb3 Re4 27. Kg2 b6 28. h3 h5 29. hxg4 hxg4 30. Kf1 Kd7 31. Kg2 Kd6 32. Kf1 Kd5 33. Nd2 Re8 34. f4 gxf3 35. Nxf3 Re3 36. Kf2 Rxa3 37. Nd2 c5 38. bxc5 bxc5 39. Nb3 Ra2 40. Kf3 Rxc2 41. g4 Rc3+ 42. Kf4 Rxb3 43. g5 0-1

[Event "AUT-ch Vor2 Internet"]
[Site "Playchess.com INT"]
[Date "2020.04.13"]
[Round "1"]
[White "Stolzlechner, Andreas"]
[Black "Hofer, Maximilian"]
[Result "0-1"]
[WhiteElo "1835"]
[BlackElo "2108"]
[PlyCount "124"]
[EventDate "2020.04.13"]
[EventType "swiss (blitz)"]
[EventRounds "9"]
[EventCountry "AUT"]
[SourceTitle "CBM 195 Extra"]
[Source "ChessBase"]
[SourceDate "2020.05.31"]
[SourceVersion "1"]
[SourceVersionDate "2020.05.31"]
[SourceQuality "1"]

1. e4 e5 2. Nf3 Nc6 3. Bc4 Nf6 4. d3 Be7 5. 0-0 0-0 6. c3 d5 7. exd5 Nxd5 8. h3 a5 9. Re1 Nb6 10. Bb3 a4 11. Bc2 Bd6 12. Bg5 f6 13. Be3 Nd5 14. Bxa4 Nxe3 15. fxe3 Ne7 16. Bb3+ Kh8 17. Nbd2 Ng6 18. Ne4 Be7 19. Qe2 f5 20. Ned2 b5 21. Rf1 Bb7 22. Rad1 Bd6 23. e4 Nf4 24. Qe3 Qe7 25. d4 Rad8 26. Kh1 fxe4 27. Nh2 exd4 28. cxd4 Qg5 29. Rg1 c5 30. Nxe4 Bxe4 31. Qxe4 Rde8 32. Qf3 Re2 33. Qg4 Qe7 34. dxc5 Bxc5 35. Rge1 Rxe1+ 36. Nf1 Rxd1 37. Qxd1 Ng6 38. Ng3 Qe5 39. Kh2 Bd6 40. Qg4 Ne7 41. Bc2 g6 42. h4 Nf5 43. Bxf5 gxf5 44. Qf3 Qxg3+ 45. Qxg3 Bxg3+ 46. Kxg3 Ra8 47. a3 b4 48. Kf4 bxa3 49. bxa3 Rxa3 50. Kxf5 Kg7 51. g4 h6 52. g5 h5 53. g6 Ra5+ 54. Kf4 Kxg6 55. Kg3 Kf5 56. Kh3 Ra3+ 57. Kg2 Kg4 58. Kf2 Rd3 59. Kg2 Re3 60. Kh1 Rf3 61. Kg1 Kg3 62. Kh1 Rf1# 0-1

[Event "AUT-ch Vor1 Internet"]
[Site "Playchess.com INT"]
[Date "2020.04.11"]
[Round "6"]
[White "Schloffer, Jasmin Denise"]
[Black "Hofer, Maximilian"]
[Result "1-0"]
[WhiteElo "2110"]
[BlackElo "2108"]
[PlyCount "155"]
[EventDate "2020.04.11"]
[EventType "swiss (blitz)"]
[EventRounds "9"]
[EventCountry "AUT"]
[SourceTitle "CBM 195 Extra"]
[Source "ChessBase"]
[SourceDate "2020.05.31"]
[SourceVersion "1"]
[SourceVersionDate "2020.05.31"]
[SourceQuality "1"]

1. d4 Nf6 2. c4 g6 3. Nc3 Bg7 4. e4 d6 5. Be2 0-0 6. Be3 e5 7. d5 a5 8. g4 b6 9. h4 Na6 10. h5 Nc5 11. f3 Ne8 12. Qd2 f5 13. hxg6 hxg6 14. Bh6 f4 15. Bd1 Nf6 16. Bc2 Kf7 17. Bxg7 Kxg7 18. 0-0-0 Rh8 19. Rxh8 Qxh8 20. Nb5 Ba6 21. Nxc7 Rc8 22. Nxa6 Nxa6 23. Qe2 Nb4 24. Kb1 Rc5 25. Bd3 a4 26. Rc1 Qa8 27. Nh3 Nh7 28. Nf2 a3 29. b3 Ng5 30. Rh1 Qa5 31. Nd1 Nf7 32. Nc3 Nxd3 33. Qxd3 Ng5 34. Nb5 Qa8 35. Nxd6 Nf7 36. Nxf7 Kxf7 37. Qf1 Rc8 38. Rh7+ Kf6 39. Qh1 Rg8 40. Qh4+ g5 41. Qh5 Rg6 42. Rh6 Qe8 43. Rxg6+ Qxg6 44. Qxg6+ Kxg6 45. Kc2 Kf6 46. Kc3 Ke7 47. b4 Kd6 48. c5+ bxc5 49. bxc5+ Kxc5 50. Kb3 Kd4 51. d6 Ke3 52. d7 Kxf3 53. d8Q Kg2 54. Qd2+ Kg3 55. Qe2 f3 56. Qe3 Kg2 57. Kxa3 f2 58. Qe2 Kg1 59. Kb4 f1Q 60. Qxf1+ Kxf1 61. a4 Kf2 62. a5 Kg3 63. a6 Kxg4 64. a7 Kf4 65. a8Q g4 66. Kc4 g3 67. Kd5 Kf3 68. Qa1 g2 69. Qg1 Kg3 70. Kxe5 Kf3 71. Kf5 Kg3 72. e5 Kf3 73. e6 Kg3 74. e7 Kh3 75. e8Q Kh4 76. Qg8 Kh3 77. Q8xg2+ Kh4 78. Q1h1# 1-0

[Event "AUT-ch Vor1 Internet"]
[Site "Playchess.com INT"]
[Date "2020.04.11"]
[Round "8"]
[White "Weichhart, Daniel"]
[Black "Hofer, Maximilian"]
[Result "0-1"]
[WhiteElo "1648"]
[BlackElo "2108"]
[PlyCount "48"]
[EventDate "2020.04.11"]
[EventType "swiss (blitz)"]
[EventRounds "9"]
[EventCountry "AUT"]
[SourceTitle "CBM 195 Extra"]
[Source "ChessBase"]
[SourceDate "2020.05.31"]
[SourceVersion "1"]
[SourceVersionDate "2020.05.31"]
[SourceQuality "1"]

1. e4 e5 2. Nf3 Nc6 3. Bb5 a6 4. Ba4 Nf6 5. d3 b5 6. Bb3 Be7 7. 0-0 0-0 8. h3 d5 9. exd5 Nxd5 10. Re1 Bf6 11. a4 b4 12. Nbd2 a5 13. Nc4 Re8 14. Bd2 g6 15. Ne3 Nf4 16. Nc4 Bb7 17. Qc1 Nd4 18. Nxd4 Qxd4 19. Be3 Qd5 20. f3 Nxg2 21. Nd2 Qd8 22. Kxg2 Bh4 23. Rg1 Qd7 24. Ne4 Kh8 0-1

[Event "Bodensee op"]
[Site "Bregenz"]
[Date "2018.05.13"]
[Round "9"]
[White "Schleining, Zoya"]
[Black "Hofer, Maximilian"]
[Result "1-0"]
[WhiteElo "2394"]
[BlackElo "2118"]
[PlyCount "185"]
[EventDate "2018.05.05"]
[EventType "swiss"]
[EventRounds "9"]
[EventCountry "AUT"]
[SourceTitle "CBM 184 Extra"]
[Source "ChessBase"]
[SourceDate "2018.06.28"]
[SourceVersion "1"]
[SourceVersionDate "2018.06.28"]
[SourceQuality "1"]

1. d4 Nf6 2. Bf4 g6 3. Nf3 Bg7 4. e3 0-0 5. c3 d6 6. h3 Nbd7 7. Nbd2 c5 8. Bc4 b6 9. 0-0 Bb7 10. a4 a6 11. Bh2 Bc6 12. Be2 Qc7 13. Re1 Qb7 14. Bf1 b5 15. Nb3 Bd5 16. Nfd2 c4 17. Nc1 Nb6 18. a5 Nbd7 19. Na2 Nb8 20. Qc2 Ne4 21. Nb4 Nxd2 22. Qxd2 f5 23. f3 Bf7 24. e4 fxe4 25. Rxe4 d5 26. Re2 e6 27. h4 Nc6 28. Nxc6 Qxc6 29. Bf4 Rfe8 30. g3 Rac8 31. Re3 Qd7 32. Bh3 Rc6 33. Kg2 h6 34. Be5 Bxe5 35. Rxe5 Kg7 36. Bg4 Qd8 37. f4 h5 38. Bd1 Kh7 39. Rg5 Rh8 40. Bc2 Kg7 41. Qe3 Qf6 42. Re1 Kf8 43. Qc1 Rg8 44. Qb1 Rg7 45. Qa1 Qd8 46. Qa3+ Qd6 47. Re3 Kg8 48. Kf2 Qd8 49. Ke1 Qd6 50. Kd2 Qd8 51. Qa1 Qf6 52. Rge5 Qd8 53. Bd1 Qf6 54. Bf3 Kf8 55. Bg2 Rg8 56. Bf3 Rg7 57. Qa3+ Kg8 58. Bg2 Qd8 59. Bh3 Qf6 60. Qa1 Kh7 61. Qb1 Kh8 62. Qe1 Kh7 63. Bxe6 Bxe6 64. Rxe6 Rxe6 65. Rxe6 Qf5 66. Kc1 Ra7 67. Re5 Qd3 68. Rxd5 Kg7 69. Re5 Kf7 70. Re3 Qf5 71. Qh1 Re7 72. Re5 Rxe5 73. fxe5 Qd3 74. Qe1 Ke6 75. Qf2 Kd7 76. Qf7+ Kc8 77. Qf4 Qe2 78. Qd2 Qf1+ 79. Qd1 Qf2 80. Kb1 Qxg3 81. Qh1 Qd3+ 82. Ka1 Kc7 83. Qe1 Kd7 84. Ka2 Ke6 85. Qf2 Qd1 86. Qf6+ Kd5 87. Qd6+ Ke4 88. Qxg6+ Ke3 89. Qg5+ Ke4 90. e6 Qb3+ 91. Kb1 Qd1+ 92. Qc1 Qe2 93. Qc2+ 1-0

[Event "Bodensee op"]
[Site "Bregenz"]
[Date "2018.05.12"]
[Round "8"]
[White "Hofer, Maximilian"]
[Black "Wagner, Manfred"]
[Result "1-0"]
[WhiteElo "2118"]
[BlackElo "2005"]
[PlyCount "41"]
[EventDate "2018.05.05"]
[EventType "swiss"]
[EventRounds "9"]
[EventCountry "AUT"]
[SourceTitle "CBM 184 Extra"]
[Source "ChessBase"]
[SourceDate "2018.06.28"]
[SourceVersion "1"]
[SourceVersionDate "2018.06.28"]
[SourceQuality "1"]

1. e4 e6 2. d4 d5 3. Nc3 dxe4 4. Nxe4 Nd7 5. Nf3 Ngf6 6. Nxf6+ Nxf6 7. Be3 Be7 8. Bd3 0-0 9. Qe2 b6 10. 0-0-0 Bb7 11. Rhg1 a5 12. Ne5 a4 13. c4 a3 14. b3 Qb8 15. g4 Rd8 16. g5 Ne4 17. Qc2 f5 18. gxf6 Nxf6 19. Bxh7+ Nxh7 20. Rxg7+ Kf8 21. Rg8+ 1-0

[Event "Bodensee op"]
[Site "Bregenz"]
[Date "2018.05.10"]
[Round "6"]
[White "Hofer, Maximilian"]
[Black "Bryzgalin, Kirill"]
[Result "0-1"]
[WhiteElo "2118"]
[BlackElo "2435"]
[PlyCount "68"]
[EventDate "2018.05.05"]
[EventType "swiss"]
[EventRounds "9"]
[EventCountry "AUT"]
[SourceTitle "CBM 184 Extra"]
[Source "ChessBase"]
[SourceDate "2018.06.28"]
[SourceVersion "1"]
[SourceVersionDate "2018.06.28"]
[SourceQuality "1"]

1. e4 c5 2. Nf3 e6 3. d4 cxd4 4. Nxd4 Nc6 5. Nb5 d6 6. c4 a6 7. Nd4 Qb6 8. Nc2 Nf6 9. Nc3 Qc7 10. Be2 b6 11. 0-0 Bb7 12. b3 Be7 13. Bb2 g5 14. Ne3 Ne5 15. Bd3 h5 16. Rc1 Rg8 17. f3 Qc5 18. Qd2 Qd4 19. Na4 Qxd3 20. Qf2 g4 21. Bxe5 gxf3 22. Bxf6 Bxf6 23. Qxf3 Bxe4 24. Rfd1 Rxg2+ 25. Qxg2 Qxe3+ 26. Qf2 Bd4 27. Qxe3 Bxe3+ 28. Kf1 Bxc1 29. Rxc1 b5 30. cxb5 axb5 31. Nc3 Bd3+ 32. Kf2 b4 33. Na4 Bb5 34. Rg1 Ke7 0-1

[Event "AUT-ch U16"]
[Site "Woerth"]
[Date "2014.04.15"]
[Round "5"]
[White "Schnider, Manuel"]
[Black "Hofer, Maximilian"]
[Result "1-0"]
[WhiteElo "1634"]
[BlackElo "1625"]
[PlyCount "91"]
[EventDate "2014.04.13"]
[EventType "swiss"]
[EventRounds "7"]
[EventCountry "AUT"]
[SourceTitle "EXT 2015"]
[Source "ChessBase"]
[SourceDate "2014.11.20"]
[SourceVersion "1"]
[SourceVersionDate "2014.11.20"]
[SourceQuality "1"]

1. d4 d5 2. c4 e6 3. Nc3 Nf6 4. cxd5 exd5 5. Bg5 Be7 6. e3 0-0 7. Bd3 c6 8. Qc2 Nbd7 9. Nf3 Re8 10. 0-0 Nf8 11. Rfc1 Be6 12. Rab1 Qd6 13. b4 Bg4 14. Ne1 h6 15. Bh4 Nh5 16. Bxe7 Qxe7 17. b5 Qg5 18. bxc6 bxc6 19. Nd1 Bd7 20. Nf3 Qf6 21. Ne5 Rac8 22. Nxd7 Nxd7 23. Bf5 Qd6 24. Rb7 Re7 25. Rxa7 g6 26. Bg4 Nhf6 27. Bxd7 Rxd7 28. Rxd7 Qxd7 29. Nb2 Qd6 30. h3 Ne4 31. Na4 f5 32. Nc5 Nf6 33. a4 Kf7 34. Rb1 Nd7 35. Rb7 Rc7 36. Qb2 Nxc5 37. dxc5 Qe7 38. Rxc7 Qxc7 39. Qb6 Qe5 40. Qxc6 Qa1+ 41. Kh2 Qe5+ 42. g3 Qb2 43. Qxd5+ Kf8 44. Qd6+ Kf7 45. Qd5+ Kf8 46. Kg2 1-0

[Event "AUT-ch U12"]
[Site "Eisenstadt"]
[Date "2010.05.23"]
[Round "3.8"]
[White "Atzl, Alexander"]
[Black "Hofer, Maximilian"]
[Result "0-1"]
[WhiteElo "1564"]
[BlackElo "1609"]
[PlyCount "84"]
[EventDate "2010.05.22"]
[EventType "swiss"]
[EventRounds "7"]
[EventCountry "AUT"]
[SourceTitle "EXT 2024"]
[Source "ChessBase"]
[SourceDate "2023.10.10"]
[SourceVersion "1"]
[SourceVersionDate "2023.10.10"]
[SourceQuality "1"]

1. e4 e5 2. Nf3 Nc6 3. Bc4 Nf6 4. d3 Be7 5. 0-0 0-0 6. Nc3 d6 7. h3 h6 8. Be3 Na5 9. Qe2 b6 10. Bd5 Bb7 11. Bxb7 Nxb7 12. d4 exd4 13. Nxd4 c5 14. Nf5 Kh7 15. Rad1 Qd7 16. Rfe1 Bd8 17. Qf3 Bc7 18. e5 d5 19. exf6 d4 20. Qxb7 Bh2+ 21. Kxh2 Qxb7 22. fxg7 Rg8 23. Bxh6 dxc3 24. bxc3 Rab8 25. Re7 Qc6 26. Rxf7 Rbe8 27. Rd2 a5 28. Rf8 Rexf8 29. Ne7 Qc7+ 30. g3 Qxe7 31. gxf8Q Rxf8 32. Bxf8 Qxf8 33. f4 Qe8 34. h4 Qe3 35. Rd6 Qxc3 36. Rxb6 Qxc2+ 37. Kh3 Qf5+ 38. Kh2 c4 39. Rc6 Qc2+ 40. Kh3 c3 41. h5 Qc1 42. f5 Qh1+ 0-1

[Event "AUT-ch U12"]
[Site "Eisenstadt"]
[Date "2010.05.22"]
[Round "2.8"]
[White "Hofer, Maximilian"]
[Black "Gerhold, Florian"]
[Result "1/2-1/2"]
[WhiteElo "1609"]
[BlackElo "1439"]
[PlyCount "74"]
[EventDate "2010.05.22"]
[EventType "swiss"]
[EventRounds "7"]
[EventCountry "AUT"]
[SourceTitle "EXT 2024"]
[Source "ChessBase"]
[SourceDate "2023.10.10"]
[SourceVersion "1"]
[SourceVersionDate "2023.10.10"]
[SourceQuality "1"]

1. e4 e5 2. Nf3 Nc6 3. Bb5 f5 4. d3 fxe4 5. dxe4 Nf6 6. 0-0 Bc5 7. Nc3 d6 8. h3 0-0 9. Bg5 h6 10. Bh4 Qe8 11. Nd5 Qf7 12. Bxf6 gxf6 13. Bc4 Kh8 14. Ne3 Qg7 15. a3 Bxe3 16. fxe3 Bxh3 17. Qd2 f5 18. exf5 Rxf5 19. Kh2 Bg4 20. e4 Rh5+ 21. Kg1 Rf8 22. Nh2 Rxf1+ 23. Rxf1 Rg5 24. Nxg4 Rxg4 25. Ba2 Qg5 26. Rf8+ Kh7 27. Qxg5 Rxg5 28. Rf7+ Rg7 29. Rf3 Nd4 30. Rf2 h5 31. c3 Nc6 32. Rf3 Kh6 33. Rf6+ Rg6 34. Rf8 Ne7 35. Rh8+ Kg7 36. Rxh5 Rg4 37. Bb1 b6 1/2-1/2